Subdesarrollo y revolución / (Record no. 111652)

MARC details
000 -LEADER
campo de control de longitud fija 00926cam a2200301Ii 4500
001 - NÚMERO DE CONTROL
campo de control 84754
005 - FECHA Y HORA DE LA ÚLTIMA TRANSACCIÓN
campo de control 20230411090043.0
008 - DATOS DE LONGITUD FIJA--INFORMACIÓN GENERAL
campo de control de longitud fija 770913s1972 mx 000 0 spa d
035 ## - NÚMERO DE CONTROL DEL SISTEMA
Número de control de sistema (OCoLC)ocm03261682
040 ## - FUENTE DE CATALOGACIÓN
Centro catalogador/agencia de origen UUM
Centro/agencia transcriptor UUM
Centro/agencia modificador OCL
-- EL$
-- OCL
-- OCLCQ
035 ## - NÚMERO DE CONTROL DEL SISTEMA
Número de control de sistema (OCoLC)3261682
043 ## - CÓDIGO DE ÁREA GEOGRÁFICA
Código de área geográfica cl-----
090 ## - LOCALMENTE ASIGNADO TIPO-LC NÚMERO DE CLASIFICACIÓN (OCLC); NÚMERO DE CLASIFICACIÓN LOCAL (RLIN)
Número de clasificación (OCLC) (R) ; Numero de clasificación, CALL (RLIN) (NR) HC187
Número cutter local (OCLC) ; Número de libro/Signatura topográfica íntegra, CALL (RLIN) .M339s 1972
049 ## - FONDOS LOCALES (OCLC)
Biblioteca depositaria GRAL
100 1# - ENTRADA PRINCIPAL--NOMBRE DE PERSONA
Nombre de persona Marini, Ruy Mauro.
245 10 - MENCIÓN DEL TÍTULO
Título Subdesarrollo y revolución /
Mención de responsabilidad, etc. por Ruy Mauro Marini.
250 ## - MENCION DE EDICION
Mención de edición [4. ed.].
260 ## - PUBLICACIÓN, DISTRIBUCIÓN, ETC.
Lugar de publicación, distribución, etc. México :
Nombre del editor, distribuidor, etc. Siglo Veintiuno,
Fecha de publicación, distribución, etc. [1972]
300 ## - DESCRIPCIÓN FÍSICA
Extensión vii, 162 p. ;
Dimensiones 18 cm.
490 0# - MENCIÓN DE SERIE
Mención de serie El Mundo del hombre. Sociología y política
504 ## - NOTA DE BIBLIOGRAFÍA, ETC.
Nota de bibliografía, etc. Includes bibliographical references.
651 #0 - PUNTO DE ACCESO ADICIONAL DE MATERIA--NOMBRE GEOGRÁFICO
Nombre geográfico Brazil
Subdivisión general Economic conditions
Subdivisión cronológica 1945-
651 #0 - PUNTO DE ACCESO ADICIONAL DE MATERIA--NOMBRE GEOGRÁFICO
Nombre geográfico Latin America
Subdivisión general Economic conditions
Subdivisión cronológica 1945-
651 #4 - PUNTO DE ACCESO ADICIONAL DE MATERIA--NOMBRE GEOGRÁFICO
Nombre geográfico Hispanoamérica
Subdivisión general Condiciones económicas
Subdivisión cronológica 1945.
942 ## - ELEMENTOS DE ENTRADA SECUNDARIOS (KOHA)
Fuente del sistema de clasificación o colocación Clasificación de Library of Congress
Tipo de ítem Koha
946 ## - PROCESAMIENTO DE INFORMACIÓN LOCAL (OCLC)
a PP
994 ## -
-- C0
-- DRFGD
Holdings
Estatus retirado Estado de pérdida Fuente del sistema de clasificación o colocación Estado de daño No para préstamo Colección Biblioteca de origen Biblioteca actual Ubicación en estantería Fecha de adquisición Código de barras Visto por última vez Copia número Tipo de ítem Koha
    Clasificación de Library of Congress     Automatización y Procesos Técnicos Biblioteca Juan Bosch Biblioteca Juan Bosch Automatización y Procesos Técnicos (1er. Piso) 11/04/2023 00000065149 17/02/2019 1